Odvrátená tvár Dubaja

Dubaj sa na medzinárodnej scéne teší povesti modernej krajiny, ale pod pozlátkou stále panujú stredoveké pomery. Ženy stále vnímajú ako majetok a za oznámenie znásilnenia im hrozí väzenie. Robotníci nemajú garantovanú minimálnu mzdu. Korupcia je všadeprítomná. Cenzúra a propaganda fungujú na plné ob...

Full description

Bibliographic Details
Main Author: Steinfort, Tom (Author)
Other Authors: Šabek, Igor (Narrator)
Format: CD Audio
Language:Slovak
English
PhysicalDescription:1 elektronický optický disk (CD-ROM) digitálny, mono, MP3 12 cm
Published: Levoča Slovenská knižnica pre nevidiacich Mateja Hrebendu 2023
ISBN:9788018114858
Subjects:

MARC

LEADER 00000nim a2200000 a 4500
001 vtls012238668
003 SK-MaSNL
005 20260302043730.0
007 sd fsngnnmmnud
008 230906s2023 xo nnnnfs z n slo
015 |a SNBJ2024 
020 |a 9788018114858  |q (zvuková kniha) 
040 |a SNK  |b slo  |c SNK  |e AACR2 
041 1 |a slo  |h eng 
044 |a xo  |c SK 
072 7 |a 82-9  |x Literárna kritika, vecná literatúra a rôzne ďalšie žánre  |2 konspekt 
080 |a (0:82-322.6)  |2 2011 
080 |a (0:82-4)  |2 2011 
080 |a 821.111(94)-32  |2 2011 
080 |a (086.76)  |2 2001 
100 1 |a Steinfort, Tom  |4 aut  |9 647910 
245 1 0 |a Odvrátená tvár Dubaja  |h elektronický zdroj  |c Tom Steinfort ; číta: Igor Šabek 
260 |a Levoča  |b Slovenská knižnica pre nevidiacich Mateja Hrebendu  |c 2023 
300 |a 1 elektronický optický disk (CD-ROM)  |b digitálny, mono, MP3  |c 12 cm 
306 |a 093000 
520 8 |a Dubaj sa na medzinárodnej scéne teší povesti modernej krajiny, ale pod pozlátkou stále panujú stredoveké pomery. Ženy stále vnímajú ako majetok a za oznámenie znásilnenia im hrozí väzenie. Robotníci nemajú garantovanú minimálnu mzdu. Korupcia je všadeprítomná. Cenzúra a propaganda fungujú na plné obrátky... 
521 |a pre nevidiacich, slabozrakých a inak zdravotne postihnutých 
655 7 |a zvukové záznamy  |2 SNKPH  |9 70720 
655 7 |a biografické príbehy  |2 SNKPH  |9 70709 
655 7 |a reportáže  |2 SNKPH  |9 28856 
655 7 |a CD-ROM  |2 SNKPH  |9 70236 
700 1 |a Šabek, Igor  |4 nrt  |9 312613 
752 |a Slovensko  |d Levoča 
787 0 8 |i Podľa knihy:  |t Odvrátená tvár Dubaja  |d Bratislava : Ikar, a.s., 2023  |z 978-80-551-8761-7 
919 |a 978-80-18-11485-8 
999 |c 1087721  |d 1089651 
952 |t 1  |a SNK  |b SNK  |c SNK_KF  |y PREZ  |7 8  |p 17A1550349  |o snkSCD 6983  |i snk2024/11471  |8 0  |0 0  |1 0  |4 0  |d 2024-07-17  |l 0  |r 2026-02-24 16:47:09  |w 2026-02-24